000 00297nam a22001337a 4500
008 170606b xxu||||| |||| 00| 0 eng d
020 _a9780982505724
041 _aeng
080 _a94
100 _a18
101 _aSHH
245 _aINSIDE IRANIAN REVULOTION
_cSTEMPEL.J.D
942 _2udc
_cBK
999 _c16075
_d16075